Kávy máme dostatok

Situácia na trhu v sortimente káva a čaj na Slovensku. Druhy káv a čajov a ich preferencie. Vplyv kávy na zdravie. Cena. Kvalita. Zdravý životný štýl.

Gespeichert in:
Bibliographische Detailangaben
1. Verfasser: Košťál, Daniel
Format: Buchkapitel
Sprache:Slowakisch
Schlagworte:
Tags: Tag hinzufügen
Keine Tags, Fügen Sie das erste Tag hinzu!

MARC

LEADER 00000naa$a2200000$$$4500
001 0025931
005 20231107125745.0
041 0 |a slo 
044 |a SK 
245 1 0 |a Kávy máme dostatok  |c Daniel Košťál 
520 |a Situácia na trhu v sortimente káva a čaj na Slovensku. Druhy káv a čajov a ich preferencie. Vplyv kávy na zdravie. Cena. Kvalita. Zdravý životný štýl. 
610 2 0 |a káva 
610 2 0 |a čaj 
610 2 0 |a sortiment tovaru 
610 2 0 |a predaj 
610 2 0 |a ceny 
610 2 0 |a štýl životný 
610 2 0 |a zdravie 
610 2 0 |a Slovensko 
100 1 |a Košťál, Daniel